Física Fundamentos y Fronteras
| Main Authors: | , |
|---|---|
| Format: | Section = Libro |
| Language: | Undetermined Spanish |
| Published: |
México
Cultural
1972
|
| Subjects: |
| LEADER | 00533nam a2200205Ia 4500 | ||
|---|---|---|---|
| 008 | 241007s9999||||xx |||||||||||||| ||und|| | ||
| 040 | |a BIBLIOTECA-RURC/ 530 S875 | ||
| 041 | |a spa | ||
| 082 | |a 530 S875 | ||
| 100 | 1 | |a Robert Stollberg | |
| 100 | 1 | |b Faith Fitch Hill. | |
| 245 | 1 | 0 | |a Física Fundamentos y Fronteras |
| 260 | |a México |b Cultural |c 1972 | ||
| 300 | |a 690 p. :il. | ||
| 650 | 7 | |a FUERZA Y MOVIMIENTO | |
| 650 | 7 | |b MATERIA Y ENERGIA | |
| 650 | 7 | |c ELECTRICIDAD Y MAGNETISMO | |
| 942 | |c BK |2 ddc | ||
| 991 | |a TEXTO | ||
| 999 | |c 14408 | ||